| 000 | 01103na a2200289 4500 | ||
|---|---|---|---|
| 001 | 15315 | ||
| 003 | MIRAKIL | ||
| 005 | 20181213155226.0 | ||
| 008 | 160907b tu 000 0 | ||
| 020 | _a9751925614 | ||
| 022 | _a13007564 | ||
| 035 | _a15315 | ||
| 040 |
_aMilas _btur _cTR-AnCHP |
||
| 041 |
_atur _aeng |
||
| 082 |
_a336.021 1890-1999 _bH29h 2000 |
||
| 090 | _a336.021 1890-1999 H29h 2000 | ||
| 110 | _aHazine Müsteşarlığı Ekonomik Araştırmalar Genel Müdürlüğü | ||
| 222 | _aHazine istatistikleri | ||
| 245 |
_aHazine istatistikleri _b= treasury statistics _cHazine Müsteşarlığı Ekonomik Araştırmalar Genel Müdürlüğü |
||
| 246 | _atreasury statistics | ||
| 260 |
_aAnkara _bHazine Müsteşarlığı Ekonomik Araştırmalar Genel Müdürlüğü _c2000 |
||
| 300 |
_avii, 201 s. _btbl. _c30 sm. |
||
| 500 | _aBu kitabın elektronik versiyonuna Hazine Müsteşarlığı web sayfasından erişilebilir. | ||
| 650 |
_aSiyaset ve yönetim _xFinans _yİstatistikler _zTürkiye |
||
| 651 |
_aTürkiye _xHazine _ySüreli yayınlar _zİstatistikler |
||
| 942 |
_2ddc _cBKS |
||
| 999 |
_c8840 _d8840 |
||